Bí quyết gây dựng cơ nghiệp bạc tỷ : Biến ý tưởng kinh doanh thành cơ nghiệp bạc tỷ trong vòng 18 tháng...với số vốn tối thiểu

Sách nói về bí quyết gây dựng cơ nghiệp, cách biến ý tưởng kinh doanh thành cơ nghiệp bạc tỷ trong vòng 18 tháng với số vốn tối thiểu

Đã lưu trong:
書目詳細資料
主要作者: Khoo, Adam
格式: 圖書
語言:Undetermined
出版: Hà Nội Phụ nữ 2010
主題:
標簽: 添加標簽
沒有標簽, 成為第一個標記此記錄!
Thư viện lưu trữ: Trung tâm Học liệu Trường Đại học Cần Thơ
LEADER 01054nam a2200229Ia 4500
001 CTU_154769
008 210402s9999 xx 000 0 und d
020 |c 110000 
082 |a 658.47 
082 |b K45 
100 |a Khoo, Adam 
245 0 |a Bí quyết gây dựng cơ nghiệp bạc tỷ : 
245 0 |b Biến ý tưởng kinh doanh thành cơ nghiệp bạc tỷ trong vòng 18 tháng...với số vốn tối thiểu 
245 0 |c Adam Khoo ; Trần Đăng Khoa, Uông Xuân Vy, Trương Việt Hương 
260 |a Hà Nội 
260 |b Phụ nữ 
260 |c 2010 
520 |a Sách nói về bí quyết gây dựng cơ nghiệp, cách biến ý tưởng kinh doanh thành cơ nghiệp bạc tỷ trong vòng 18 tháng với số vốn tối thiểu 
650 |a Success in business,Business intelligence 
650 |x Bí quyết thành công 
904 |i Diễm Châu, Như 
980 |a Trung tâm Học liệu Trường Đại học Cần Thơ